[Event "AUTO-INT-2055"]
[Site "http://www.queenalice.com/game.php?id=946953"]
[Date "2011.6.7"]
[Round "1"]
[White "Bunecov"]
[Black "RuyLopez"]
[Result "0-1"]
[WhiteElo "1491"]
[BlackElo "1597"]

1. e4 c5 2. e5 Nc6 3. Nf3 g6 4. b3 Bg7 5. Qe2 d6 6. exd6 Bxa1 7. c3 Qxd6 8. Na3
Nf6 9. Nc4 Qc7 10. g3 O-O 11. Ba3 Bg4 12. Bg2 b5 13. Ne3 b4 14. Bc1 bxc3 15. h3
cxd2+ 16. Bxd2 Nd4 17. Qd3 Bxf3 18. Bxf3 Nxf3+ 19. Ke2 Rad8 20. Qe4 Nxe4 21.
Kxf3 Nxd2+ 0-1

[Event "AUTO-INT-2055"]
[Site "http://www.queenalice.com/game.php?id=946954"]
[Date "2011.6.7"]
[Round "1"]
[White "RuyLopez"]
[Black "Bunecov"]
[Result "1-0"]
[WhiteElo "1539"]
[BlackElo "1517"]

1. d4 d5 2. c4 dxc4 3. Nf3 b5 4. a4 b4 5. e4 a5 6. Bxc4 f6 7. O-O Nh6 8. Bxh6
gxh6 9. Nbd2 Ba6 10. Qb3 Bxc4 11. Qxc4 Nc6 12. Qxc6+ Kf7 13. e5 fxe5 14. Nxe5+
Kg7 15. Qf3 Qe8 16. Qg4+ Kf6 17. Ne4# 1-0

[Event "AUTO-INT-2056"]
[Site "http://www.queenalice.com/game.php?id=947384"]
[Date "2011.6.8"]
[Round "1"]
[White "orwieorwatt"]
[Black "RuyLopez"]
[Result "1-0"]
[WhiteElo "1706"]
[BlackElo "1667"]

1. e4 c5 2. Nf3 e6 3. Bb5 a6 4. Ba4 b5 5. c3 bxa4 6. Qxa4 Nc6 7. O-O Nf6 8. e5
Nd5 9. Qd1 Be7 10. d4 cxd4 11. cxd4 O-O 12. Bd2 Bb7 13. Nc3 Nxc3 14. Bxc3 d6 15.
Re1 dxe5 16. Nxe5 Nxe5 17. dxe5 Qxd1 18. Raxd1 Rad8 19. Rc1 Bd5 20. b3 Rc8 21.
Re3 Bg5 22. Ree1 1-0

[Event "AUTO-INT-2056"]
[Site "http://www.queenalice.com/game.php?id=947385"]
[Date "2011.6.8"]
[Round "1"]
[White "RuyLopez"]
[Black "orwieorwatt"]
[Result "0-1"]
[WhiteElo "1619"]
[BlackElo "1694"]

1. d4 d5 2. c4 dxc4 3. Nf3 f6 4. e4 b5 5. a4 c6 6. b3 cxb3 7. axb5 Be6 8. Bb2
Qb6 9. Nc3 Kd7 10. Na4 Qc7 11. Nc5+ Ke8 12. Nxe6 Qb6 13. Qxb3 Nh6 14. Bc4 Kd7
15. O-O g5 16. d5 a6 17. dxc6+ Kc8 18. Rfd1 Ng4 19. Rd8+ Qxd8 20. Nxd8 Kxd8 21.
Rd1+ Kc7 0-1

[Event "AUTO-INT-2056"]
[Site "http://www.queenalice.com/game.php?id=947408"]
[Date "2011.6.8"]
[Round "1"]
[White "RuyLopez"]
[Black "kanibal"]
[Result "0-1"]
[WhiteElo "1634"]
[BlackElo "1662"]

1. d4 d5 2. c4 dxc4 3. Nf3 Nf6 4. e3 Bg4 5. Bxc4 c6 6. O-O e6 7. Nbd2 b5 8. Bd3
Bb4 9. a4 a6 10. axb5 cxb5 11. Bxb5+ axb5 12. Rxa8 Qc7 13. Qb3 Bd6 14. Qxb5+ Nd7
15. Ne4 O-O 16. Nxd6 Qxd6 0-1

[Event "AUTO-INT-2056"]
[Site "http://www.queenalice.com/game.php?id=947409"]
[Date "2011.6.8"]
[Round "1"]
[White "kanibal"]
[Black "RuyLopez"]
[Result "1-0"]
[WhiteElo "1646"]
[BlackElo "1650"]

1. d4 Nf6 2. Nc3 d5 3. Nf3 g6 4. Bg5 Bg7 5. Bxf6 Bxf6 6. e3 O-O 7. Bd3 c5 8. Ne5
Nc6 9. Nxc6 bxc6 10. O-O cxd4 11. exd4 Qb6 12. Na4 Qxd4 13. b3 Qxa1 14. Qxa1
Bxa1 15. Rxa1 e5 16. c4 1-0

[Event "AUTO-OPEN-2384"]
[Site "http://www.queenalice.com/game.php?id=947526"]
[Date "2011.6.8"]
[Round "1"]
[White "Rubens2009"]
[Black "RuyLopez"]
[Result "0-1"]
[WhiteElo "1907"]
[BlackElo "1640"]

1. e4 c5 2. Nf3 e6 3. d4 cxd4 4. Nxd4 Nc6 5. Nxc6 bxc6 6. Bd3 Nf6 7. Bg5 Be7 8.
O-O d5 9. e5 Nd7 10. Bxe7 Qxe7 11. f4 Nc5 12. Na3 Nxd3 13. Qxd3 a5 14. Qg3 O-O
15. c4 Ba6 16. Rac1 Rab8 17. Rc2 Rb4 18. b3 Rfb8 19. Nb1 dxc4 20. Rd1 cxb3 21.
axb3 Rxb3 22. Qe1 Bd3 23. Rcc1 Bxb1 24. Rxb1 Qc5+ 25. Kh1 Rxb1 26. Rxb1 Rxb1 27.
Qxb1 g6 28. h3 Qb5 29. Qd1 Qd5 30. Qa4 Kg7 31. Kh2 Qc5 32. h4 Qb4 33. Qxc6 Qxf4+
34. g3 Qxe5 35. Qf3 Qb2+ 36. Kh3 a4 0-1

[Event "AUTO-OPEN-2384"]
[Site "http://www.queenalice.com/game.php?id=947527"]
[Date "2011.6.8"]
[Round "1"]
[White "RuyLopez"]
[Black "Rubens2009"]
[Result "0-1"]
[WhiteElo "1653"]
[BlackElo "1968"]

1. d4 d5 2. c4 e6 3. Nc3 c6 4. e4 Nf6 5. e5 Nfd7 6. Nf3 Bb4 7. cxd5 cxd5 8. Bd3
Nc6 9. O-O O-O 10. Bxh7+ Kxh7 11. Ng5+ Kg6 12. Qg4 f5 13. Qg3 Nxd4 14. Nxe6+ Kf7
15. Nxd8+ Rxd8 16. Qe3 Bxc3 17. bxc3 Ne6 18. Ba3 b6 19. Qf3 Ndc5 20. Qxf5+ Kg8
21. Qh5 Rf8 22. Bxc5 Nxc5 23. f4 Rf5 24. Qe8+ Rf8 25. Qc6 Bb7 26. Qg6 Ba6 27.
Rf3 Bc4 28. Rg3 Rf7 29. Rh3 Rxf4 30. Qh7+ Kf7 31. Qh5+ Ke6 32. Qg6+ Ke7 33.
Qxg7+ Rf7 34. Qg5+ Kd7 35. Qg6 Raf8 36. Rh7 Rxh7 37. Qxh7+ Ke8 38. Qxa7 Nd7 39.
e6 Nf6 40. Re1 b5 41. Qb8+ Ke7 42. Qc7+ Ke8 43. e7 Rg8 0-1

[Event "AUTO-OPEN-2384"]
[Site "http://www.queenalice.com/game.php?id=947556"]
[Date "2011.6.8"]
[Round "1"]
[White "RuyLopez"]
[Black "Danado"]
[Result "1-0"]
[WhiteElo "1518"]
[BlackElo "1651"]

1. d4 d5 2. c4 dxc4 3. Nf3 h6 4. e4 Bg4 5. Bxc4 Bxf3 6. Qxf3 e6 7. Be3 Bb4+ 8.
Nc3 Bxc3+ 9. bxc3 Nf6 10. O-O Nc6 11. Rab1 Rb8 12. Qg3 g5 13. Bb5 a6 14. Bxc6+
bxc6 15. Qe5 Rxb1 16. Rxb1 Ke7 17. Rb7 Ke8 18. Rxc7 Nd5 19. Qxh8# 1-0

[Event "AUTO-OPEN-2384"]
[Site "http://www.queenalice.com/game.php?id=947557"]
[Date "2011.6.8"]
[Round "1"]
[White "Danado"]
[Black "RuyLopez"]
[Result "0-1"]
[WhiteElo "1694"]
[BlackElo "1576"]

1. e4 c5 2. Nc3 Nc6 3. Nf3 e6 4. Bc4 a6 5. d4 cxd4 6. Nxd4 Qc7 7. Be3 Nf6 8.
Nxc6 Qxc6 9. Bd3 Bb4 10. O-O Bxc3 11. bxc3 Nxe4 12. c4 O-O 13. f3 Nc5 14. Bxc5
Qxc5+ 15. Rf2 d5 16. cxd5 exd5 17. Qe1 Be6 18. c3 Rac8 19. Rc1 b5 20. Kf1 d4 21.
Rfc2 Qa3 22. Qe4 g6 23. Qxd4 Rfd8 24. Qb4 Qxb4 25. cxb4 Rxc2 26. Bxc2 Bxa2 27.
Ra1 Bc4+ 28. Ke1 Rd6 29. Bd1 Kf8 30. Be2 Re6 0-1

[Event "AUTO-OPEN-2384"]
[Site "http://www.queenalice.com/game.php?id=947558"]
[Date "2011.6.8"]
[Round "1"]
[White "RuyLopez"]
[Black "rodriw02"]
[Result "1-0"]
[WhiteElo "1625"]
[BlackElo "1589"]

1. d4 d5 2. c4 dxc4 3. Nf3 f6 4. e4 b5 5. a4 a6 6. axb5 a5 7. Bxc4 Bg4 8. Nc3 g5
9. Ne5 Nh6 10. Nxg4 Nxg4 11. Qxg4 Qxd4 12. Qc8+ Qd8 13. Bf7+ Kxf7 14. Qxd8 h5
15. Qd5+ e6 16. Qxa8 Nd7 17. Qc6 Ne5 18. Qxc7+ Be7 19. Rxa5 Re8 20. Ra7 Nd3+ 21.
Ke2 Ne5 22. f4 gxf4 23. Bxf4 Kg6 24. Bxe5 fxe5 25. Rf1 h4 26. Qxe5 h3 27. Qxe6+
Kh5 28. Rf5+ Kh4 29. Qh6+ Kg4 30. Qxh3# 1-0

[Event "AUTO-OPEN-2384"]
[Site "http://www.queenalice.com/game.php?id=947559"]
[Date "2011.6.8"]
[Round "1"]
[White "rodriw02"]
[Black "RuyLopez"]
[Result "0-1"]
[WhiteElo "1605"]
[BlackElo "1609"]

1. e4 c5 2. Bc4 Nc6 3. Qh5 e6 4. c3 Nf6 5. Qf3 d5 6. Bb5 dxe4 7. Qf4 Bd6 8. Qe3
O-O 9. d3 exd3 10. Qxd3 Ne5 11. Qh3 a6 12. Be2 b5 13. Qg3 Bb7 14. Bh6 Nf3+ 15.
Qxf3 Bxf3 16. Bxf3 gxh6 17. Bxa8 Qxa8 18. Nd2 Qxg2 19. O-O-O Qxh1 20. Ndf3 Qg2
21. Rxd6 Qxf2 22. Rd1 Ne4 23. h4 b4 24. cxb4 cxb4 25. h5 Rc8+ 26. Kb1 Qc2+ 27.
Ka1 Qc1+ 28. Rxc1 Rxc1# 0-1

[Event "Challenge"]
[Site "http://www.queenalice.com/game.php?id=947602"]
[Date "2011.6.8"]
[Round "-"]
[White "renet54"]
[Black "RuyLopez"]
[Result "1-0"]
[WhiteElo "1632"]
[BlackElo "1530"]

1. e4 c5 2. Nf3 e6 3. Nc3 Nc6 4. Bc4 a6 5. O-O b5 6. d3 bxc4 7. Bg5 Be7 8. Be3
cxd3 9. Qxd3 d6 10. Rad1 Qc7 11. Rfe1 Nf6 12. e5 Nxe5 13. Nxe5 dxe5 14. Bg5 1-0